000 00518nam a2200193Ia 4500
005 20250508162456.0
008 008 250505s9999 xx 000 0 hin d
037 _aTextual
040 _aFEDL
_beng
_cFEDL
041 _ahin
_2eng
084 _a294.5, VER
_qFEDL
100 _aVerma Ramchandra Ed.
_9473109
245 0 _aSri Padma puran
260 _aDelhi, India
_bDharam Granth Prakashan
_c1980
300 _a192p.
365 _aINR
_b60
942 _cTEXL
_h294.5, VER
999 _c1376791
_d1376791